Classic British Sweets (don't rot your teeth) - Statistics

General Stats
  • This quiz has been taken 137 times
  • The average score is 6 of 15
Answer Stats
Hint Answer % Correct
Squishy infants. Jelly Babies
93%
Fizzy UFOs. Flying Saucers
79%
These come with a little printed message for the one you fancy. Love Hearts
65%
Chewy Beaujolais. Wine Gums
55%
Purple discs, presumably from Italy (where ham also comes from). Parma Violets
53%
Sometimes in life, things sadly go the shape of these. Pear Drops
53%
Ebeneezer Scrooge would love these. Humbugs
49%
Pink stalks and creme Anglaise combine in this boiled sweet. Rhubarb and Custard
31%
Hairy fruit of the palm tree, frozen. Coconut Ice
30%
A garden water feature that jets acidic fizz. Sherbet Fountain
27%
A slowly moving body of dense menthol-flavoured ice. Glacier Mint
23%
A mix of margarine and whiskey wouldn't be quite the same. Butterscotch
20%
Barbie might like this combination. Dolly Mixture
14%
A cereal grain with long bristley awns, combined with glucose, and given a twist. Barley Sugar
12%
You wouldn't think a red fruit could help you tie your shoes. Strawberry Shoelaces
12%
No matching quizzes found
Score Distribution
Percent of People with Each Score
Percentile by Number Answered
Your Score History
You have not taken this quiz